Statistics for Brandon Sanderson Bibliography

Click here to take the quiz!

General Stats

  • This quiz has been taken 154 times
    (110 since last reset)
  • The average score is 22 of 60

Answer Stats

TypeYearName% Correct
Novel2010The Way of Kings
88%
Novel2005Elantris
85%
Novel2017Oathbringer
82%
Novel2020Rhythm of War
82%
Novel2007Mistborn: The Well of Ascension
81%
Novel2014Words of Radiance
81%
Novel2006Mistborn: The Final Empire
79%
Novel2009Warbreaker
79%
Novel2008Mistborn: The Hero of Ages
74%
Novel2011Mistborn: The Alloy of Law
71%
Graphic Novel2016White Sand #1
69%
Graphic Novel2018White Sand #2
69%
Graphic Novel2019White Sand #3
69%
Novel2018Skyward
68%
Novel2016Mistborn: The Bands of Mourning
65%
Novella2020Dawnshard
62%
Novella2016Edgedancer
62%
Novel2015Mistborn: Shadows of Self
59%
Novel2019Starsight
59%
Novella2012The Emperor's Soul
57%
Novel2013Steelheart
49%
Novella2016Mistborn: Secret History
47%
Novel2013The Rithmatist
47%
Omnibus2016Arcanum Unbounded: The Cosmere Collection
44%
Novel2015Firefight
40%
Novel2016Calamity
38%
Short Story2012The Eleventh Metal
35%
Children's Novel2007Alcatraz Versus the Evil Librarians
34%
Graphic Novel2021Dark One
32%
Short Story2006The Hope of Elantris
29%
Novella2012Legion
26%
Novella2014Sixth of the Dusk
26%
Novel2013A Memory of Light
24%
Novella2013Shadows for Silence in the Forests of Hell
24%
Novella2013Mitosis
22%
Novel2010Towers of Midnight
21%
Short Story2014Allomancer Jack and the Pits of Eltania
19%
Novel2021Lux
18%
Novel2009The Gathering Storm
18%
Children's Novel2016Alcatraz Versus the Dark Talent
15%
Children's Novel2008Alcatraz Versus the Scrivener's Bones
15%
Children's Novel2009Alcatraz Versus the Knights of Crystallia
13%
Children's Novel2010Alcatraz Versus the Shattered Lens
13%
Short Story2008Defending Elysium
13%
Novella2017Snapshot
13%
Novella2018Legion: Lies of the Beholder
12%
Novella2014Legion: Skin Deep
10%
Audio Novel2020The Original
10%
Omnibus2018Legion: The Many Lives of Stephen Leeds
9%
Short Story2013I Hate Dragons
6%
Audio Novel2021Lux: A Texas Reckoners Novel
6%
Novella2015Perfect State
6%
Novella2011Infinity Blade: Awakening
4%
Short Story2008Firstborn
3%
Short Story1994Centrifugal
1%
Short Story2014Dreamer
1%
Novella2012Heuristic Algorithm and Reasoning Response Engine
1%
Short Story2012Rysn
1%
Novella2013Infinity Blade: Redemption
0%
Novella2018Magic: Children of the Nameless
0%

Score Distribution

Percentile by Number Answered

Percent of People with Each Score

Your Score History

You have not taken this quiz since the last reset